00613nam a2200193Ia 4500008004100000020001800041082001400059100002500073245003500098250000800133260004100141300002300182500001900205600002000224650002000244942000700264952013100271999001700402240925s9999 xx 000 0 und d a9789694074726 a332.1 KAZ aKazi, Fazul Suleiman 0aBanks and Executive Leadership a1st aKarachi:bRoyal Book Companyc,2018. a180p.b0fOriginal aIncludes Index aSocial Sciences aSocial Sciences cBK 001040708SSaUITUbUITUd2019-02-02eAllied Book Companyg603.20l0o332.1 KAZpQ14347r2024-09-25 07:17:16w2024-09-25yBK c16846d16846